Too unlimited? (Record no. 62643)

MARC details
000 -LEADER
fixed length control field 00778cam a2200217 4500
001 - CONTROL NUMBER
control field ABS61940
008 - FIXED-LENGTH DATA ELEMENTS--GENERAL INFORMATION
fixed length control field 000000n2000 000 0 eng u
035 ## - SYSTEM CONTROL NUMBER
System control number (Sirsi) u104416
100 ## - MAIN ENTRY--PERSONAL NAME
Personal name Hamson, L.
245 ## - TITLE STATEMENT
Title Too unlimited?
260 ## - PUBLICATION, DISTRIBUTION, ETC.
Date of publication, distribution, etc. 2000
490 ## - SERIES STATEMENT
Series statement Property Week
Volume/sequential designation 65(6) 11 February 2000 32-33(1)
520 ## - SUMMARY, ETC.
Summary, etc. The obstacles to securitisation still exist. Limited liability partnerships could offer an alternative but there is disagreement over whether they do.
590 ## - LOCAL NOTE (RLIN)
Local note ABS
650 ## - SUBJECT ADDED ENTRY--TOPICAL TERM
Topical term or geographic name entry element LIMITED LIABILITY BILL
650 ## - SUBJECT ADDED ENTRY--TOPICAL TERM
Topical term or geographic name entry element SECURITISATION
650 ## - SUBJECT ADDED ENTRY--TOPICAL TERM
Topical term or geographic name entry element INVESTMENT PROPERTY FORUM'S CODE FOR PROPERTY PERFORMANCE REPORTING
650 ## - SUBJECT ADDED ENTRY--TOPICAL TERM
Topical term or geographic name entry element LIMITED LIABILITY PARTNERSHIPS
690 ## - LOCAL SUBJECT ADDED ENTRY--TOPICAL TERM (OCLC, RLIN)
Topical term or geographic name as entry element MANAGEMENT-BUSINESS MANAGEMENT-FINANCIAL MANAGEMENT
942 ## - ADDED ENTRY ELEMENTS (KOHA)
Suppress in OPAC 0
Holdings
Withdrawn status Lost status Source of classification or shelving scheme Damaged status Not for loan Home library Current library Shelving location Date acquired Total Checkouts Full call number Barcode Date last seen Copy number Price effective from Koha item type
    Dewey Decimal Classification     London London Journal article 25/02/2000   ABS61940 104416-1001 06/08/2019 1 06/08/2019 Journal article